Miejscowości w gminie Zabierzów - Statystyki

Ogólne statystyki
  • Ten quiz został rozwiązany 4 razy
  • Średni wynik to 8 z 23
Statystyki odpowiedzi
ludność Odpowiedź % Poprawnych
6106 Zabierzów
100%
1487 Balice
75%
718 Aleksandrowice
50%
2674 Bolechowice
50%
1125 Brzoskwinia
50%
875 Pisary
50%
2097 Rudawa
50%
2668 Rząska
50%
784 Szczyglice
50%
1305 Brzezie
25%
731 Brzezinka
25%
500 Burów
25%
1139 Karniowice
25%
418 Kleszczów
25%
989 Kobylany
25%
410 Kochanów
25%
280 Młynka
25%
841 Nielepice
25%
601 Ujazd
25%
871 Więckowice
25%
1054 Zelków
25%
570 Niegoszowice
0%
667 Radwanowice
0%
Nie znaleziono quizów pasujących do podanych kryteriów
Rozkład punktacji
Procent ludzi z każdym wynikiem
Percentyl według liczby udzielonych odpowiedzi
Twoja historia wyników
Nie rozwiązałeś tego quizu